00395nam a2200109 a 4500001000500000005001700005008004100022050002100063245006800084999001900152952011400171414020140414131940.0090218s19uu xx 00 eng d aTR 170bN43 2005 aA New coat of leaves :ba book about accepting the way we look. c112589d112589 00104050aMUbMUcTRd2009-02-18eLib. Fundl0oTR 170 N43 2005pM3930r2014-04-14 00:00:00w2014-04-14yBK